000 00374nam a22001577a 4500
003 MPLRDC
005 20220104114041.0
008 210129b ||||| |||| 00| 0 eng d
082 _a121.31 WJY
100 _a吴静宇撰述
245 _a老子义疏注
_c
260 _a
_b环球书局
_c1957
300 _b
650 _a先秦哲学--老子
942 _cBK
_o121.31 WJY
999 _c4427
_d4417